000
00306nam a2200109Ia 4500
008
220204s9999 xx 000 0 und d
082
_a
339.564
_b
STA
100
_a
STAELIN, Charles P
245
0
_a
Indian export incentives: A critical review
260
_a
Michigan
_b
University of Michigan
_c
1972
942
_c
BK
999
_c
23220
_d
23220